Religion Quiz

Random Religion Quiz

The Salvation Army Officer ranks Quiz Stats

Quiz not verified by Sporcle

Challenge
Share
Tweet
Embed
Score 0/23 Timer 06:00
0 Plays Today
Hint Rank % Correct
velvet with gold crest and trimGeneral
96.6%
two starsCaptain
93.6%
CrestMajor
91.8%
one starLieutenant
83.3%
Crest with silver trim and silver trim around 's' patchesColonel
79%
Blue or red barCadet
73.8%
crest with silver trimLieutenant-Colonel
67%
velvet with silver crest and trimCommissioner
65.7%
major's crest with two starsBrigadier
65.2%
A non-commissioned officer who works for The Salvation Army in a ministry positionEnvoy
55.8%
Pre-CadetCandidate
48.9%
major's crest with one starSenior-Major
30.5%
Hint Rank % Correct
adopted in 1920; discontinued in 1973Lieutenant-Commissioner
29.2%
Adopted in 1888; discontinued in 1931Ensign
27%
Adopted in 1948; discontinued in 1959Second Lieutenant
26.2%
Adopted in 1948; discontinued in 1959Senior-Captain
25.3%
Adopted in 1888; discontinued in 1948Adjutant
24.5%
Adopted in 1948; discontinued in 1959First Lieutenant
23.6%
three stars Staff-Captain
21.9%
Adopted in 2001; discontinued in 2008Cadet-Lieutenant
20.6%
Adopted in 1917; discontinued in 1973Probationary Lieutenant
15.9%
Adopted in 1916; discontinued in 1931Commandant
15%
Adopted in 1921; discontinued in 1931Field-Major
14.2%

You're not logged in!

Compare scores with friends on all Sporcle quizzes.
Sign Up with Email
OR
Log In

You Might Also Like...

Show Comments

Extras

Top Quizzes Today


Score Distribution

Your Account Isn't Verified!

In order to create a playlist on Sporcle, you need to verify the email address you used during registration. Go to your Sporcle Settings to finish the process.